[Event "38th Olympiad"]
[Site "Dresden GER"]
[Date "2008.11.14"]
[Round "2"]
[White "Braga,C"]
[Black "Somoff,A"]
[Result "1/2-1/2"]
[WhiteElo "2415"]
[BlackElo "2282"]

1.g3 d5 2.Nf3 c6 3.Bg2 Nf6 4.O-O e6 5.d3 Bd6 6.Nbd2 Nbd7 7.e4 dxe4 8.dxe4 Qc7
9.Nc4 Be7 10.Bf4 Qd8 11.Qe2 O-O 12.Rfd1 b5 13.Nd6 Qb6 14.Bg5 Qc7 15.e5 Nd5
16.Rxd5 Bxg5 17.Rxb5 cxb5 18.Nxg5 Rb8 19.Qh5 h6 20.Ngxf7 Nc5 21.Nxc8 Qxf7
22.Qxf7+ Rxf7 23.Nd6 Rc7 24.Bh3 b4 25.Rd1 Kf8 26.Rd4 g5 27.f4 Ke7 28.fxg5 hxg5
29.Rg4 Rg8 30.Rxb4 Nd7 31.Nc4 Rgc8 32.b3 Rc5 33.Rb7 R8c7 34.Rxc7 Rxc7 35.Bf1 Rc5
36.Kf2 Nxe5 37.Nxe5 Rxe5 38.Bd3 Kd6 39.h4 gxh4 40.gxh4 Rh5 41.Kg3 Ke5 42.Kg4 Rh8
43.h5 Kf6 44.a4 a5 45.b4 axb4 46.a5 Rd8 47.Be4 Ke5 48.Bb7 Rg8+ 49.Kf3 Kd6
50.Be4 Rf8+ 51.Ke3 Kc5 52.a6 Kb6 53.Bd3 Rf6 54.Be2 Rf8 55.Bd3 Rh8 56.Bg6 Rc8
57.h6 Kxa6 58.Kd4 Rc3 59.Bd3+ Kb6 60.h7 Rc8 61.Ke5 Kc5 62.Kxe6 Kd4 63.Bf5 Kc3
64.Kf6 Rh8  1/2-1/2

[Event "38th Olympiad"]
[Site "Dresden GER"]
[Date "2008.11.14"]
[Round "2"]
[White "Radjabov,T"]
[Black "Movsesian,S"]
[Result "1/2-1/2"]
[WhiteElo "2751"]
[BlackElo "2732"]

1.Nf3 d5 2.g3 Nf6 3.Bg2 c6 4.c4 Bg4 5.Ne5 Be6 6.cxd5 Bxd5 7.Nf3 c5 8.O-O e6
9.Nc3 Bc6 10.d4 Nbd7 11.Be3 Be7 12.Rc1 O-O 13.dxc5 Nxc5 14.Ne5 Bxg2 15.Qxd8 Rfxd8
16.Kxg2 Ncd7 17.Nc4 Rac8 18.Na5 b6 19.Nb7 Rf8 20.Nb5 Nd5 21.Bf4 a6 22.Na7 Rxc1
23.Rxc1 Ra8 24.Nc6 Kf8 25.Bd6 Bxd6 26.Nxd6 N5f6 27.Rd1 a5 28.f3 Nd5 29.Kf2 Nc5
30.Rd2 Nb4 31.Nxb4 axb4 32.b3 Ke7 33.Nb5 Rc8 34.e4 Nd7 35.Nd6 Rc7 36.Nc4 g5
37.Ke2 h5  1/2-1/2

[Event "38th Olympiad w"]
[Site "Dresden GER"]
[Date "2008.11.14"]
[Round "2"]
[White "Vojinovic,J"]
[Black "Perez,En"]
[Result "1-0"]
[WhiteElo "2332"]
[BlackElo "2097"]

1.Nf3 d5 2.g3 e6 3.Bg2 f5 4.b3 Nf6 5.Bb2 Bd6 6.c4 c6 7.O-O O-O 8.d3 Qe7 9.Nc3 Bc5
10.a3 a5 11.Na4 Ba7 12.e3 Rd8 13.Qc2 b5 14.cxb5 cxb5 15.Nc3 Bd7 16.Nd4 Bxd4
17.exd4 Na6 18.Ne2 Rdc8 19.Qd2 b4 20.a4 Ne8 21.Rfe1 Qf6 22.Nf4 Rab8 23.h4 h6
24.h5 Nd6 25.Re2 Nf7 26.Rc1 Rxc1+ 27.Qxc1 Rc8 28.Qe3 Rc6 29.Ng6 Nc7 30.Qf4 Bc8
31.g4 Ba6 32.Rd2 Kh7 33.gxf5 exf5 34.Bh3 Bc8 35.Re2 Qg5+ 36.Qxg5 Nxg5 37.Bg2 Nge6
38.Ne7 Nf4 39.Rd2 Re6 40.Nxc8 Re1+ 41.Kh2 Nxh5 42.Nd6 f4 43.Rc2 Rb1 44.Nb7 Nf6
45.Bh3 Kg6 46.Nxa5 Kh5 47.f3 g5 48.Nc6 g4 49.fxg4+ Nxg4+ 50.Bxg4+ Kxg4 51.Kg2 h5
52.a5 Na6 53.Ne5+ Kf5 54.Kh3 Rh1+ 55.Rh2 Rb1 56.Nf3 Rf1 57.Ne5 Rg1 58.Rf2 Nc7
59.Nf3 Rg3+ 60.Kh2 Kg4 61.Ne5+ Kf5 62.Bc1 Rg8 63.Rxf4+ Ke6 64.Nc6 Kd7 65.Nxb4  1-0

[Event "38th Olympiad"]
[Site "Dresden GER"]
[Date "2008.11.15"]
[Round "3"]
[White "Rama,L"]
[Black "Barrientos,S"]
[Result "0-1"]
[WhiteElo "2297"]
[BlackElo "2450"]

1.Nf3 d5 2.g3 Bg4 3.Bg2 c6 4.O-O Nd7 5.d3 e6 6.c4 Ngf6 7.Nc3 Be7 8.Be3 O-O
9.Qb3 b6 10.cxd5 cxd5 11.d4 a6 12.a4 Rc8 13.Rac1 Rc4 14.Nd2 Rb4 15.Qa2 b5
16.axb5 axb5 17.f3 Bf5 18.Bf2 Bg6 19.b3 Nb6 20.Qa5 Qb8 21.Nxb5 Nc8 22.Nc3 Na7
23.Qa1 h5 24.Na4 Nd7 25.Nc5 Nxc5 26.dxc5 Nc6 27.Qa6 Nd4 28.Rfe1 Rc8 29.e4 dxe4
30.Nxe4 Rc6 31.Qa2 Bxe4 32.Rxe4 Rxc5 33.Rc4 Rcxc4 34.bxc4 Rb2 35.Qa4 Ne2+
36.Kf1 Nc3 37.Qd7 Nxe4 38.fxe4 Qb3 39.e5 Qxc4+  0-1

[Event "38th Olympiad w"]
[Site "Dresden GER"]
[Date "2008.11.15"]
[Round "3"]
[White "Umarova,S"]
[Black "Sharevich,A"]
[Result "0-1"]
[WhiteElo "1836"]
[BlackElo "2322"]

1.Nf3 d5 2.g3 Nf6 3.Bg2 c6 4.d3 Bg4 5.Nbd2 Nbd7 6.e4 dxe4 7.dxe4 e5 8.h3 Bh5
9.O-O Be7 10.c3 O-O 11.Qc2 Qc7 12.Nc4 Bxf3 13.Bxf3 Nc5 14.Bg5 Ne6 15.Bxf6 Bxf6
16.Rad1 g6 17.Bg4 b5 18.Ne3 Qe7 19.a4 a6 20.b4 h5 21.Be2 Bg5 22.Rd2 Qa7 23.Rd3 a5
24.axb5 axb4 25.bxc6 b3 26.Qb2 Nc5 27.Rd5 Bxe3 28.fxe3 Nxe4 29.Rf3 Qa2  0-1

[Event "38th Olympiad w"]
[Site "Dresden GER"]
[Date "2008.11.16"]
[Round "4"]
[White "Hagesaether,E"]
[Black "Solomons,A"]
[Result "1-0"]
[WhiteElo "2239"]
[BlackElo "1908"]

1.Nf3 d5 2.g3 Nf6 3.Bg2 Bg4 4.O-O c6 5.d3 Nbd7 6.Nbd2 e5 7.e4 dxe4 8.dxe4 Bc5
9.h3 Bh5 10.Qe1 O-O 11.Nc4 Re8 12.b4 Bf8 13.Bb2 Qc7 14.Nh4 Nb6 15.Ne3 Rad8
16.a4 Nc8 17.c4 Rd3 18.g4 Bg6 19.Nxg6 hxg6 20.Qe2 Rd7 21.Bc3 Red8 22.Qb2 Re8
23.a5 g5 24.Rfd1 g6 25.c5 Bg7 26.Nc4 Rxd1+ 27.Rxd1 Nd7 28.Qd2 Nf8 29.Qxg5 Ne6
30.Bxe5 Nxg5 31.Bxc7 Bc3 32.Nd6 Re7  1-0

[Event "38th Olympiad w"]
[Site "Dresden GER"]
[Date "2008.11.16"]
[Round "4"]
[White "Rautanen,S"]
[Black "Maeckelberg,M"]
[Result "1-0"]
[WhiteElo "1981"]
[BlackElo "1959"]

1.Nf3 d5 2.g3 Nf6 3.Bg2 e6 4.O-O Be7 5.d3 O-O 6.Nbd2 c5 7.e4 dxe4 8.dxe4 Nc6
9.c3 Qc7 10.Qe2 b6 11.e5 Nd7 12.Re1 Bb7 13.Nf1 Rfd8 14.h4 Nf8 15.h5 Rd7 16.Bf4 Rad8
17.Rad1 Rxd1 18.Rxd1 a6 19.Ne3 b5 20.Ng4 c4 21.Rxd8 Qxd8 22.Nd2 Kh8 23.Ne4 Na5
24.h6 Ng6 25.hxg7+ Kxg7 26.Bh6+ Kh8 27.Nef6 Bxg2 28.Kxg2 Nc6 29.Nh5 Bf8 30.Bxf8 Qxf8
31.Qf3 Nce7 32.Qb7 Qc8 33.Qxc8+ Nxc8 34.f4 Nb6 35.Nh6 Na4 36.Nxf7+ Kg8 37.Nd8 Nf8
38.Nf6+ Kh8 39.Ne4 Nxb2 40.Nc6 Kg7 41.Nb4 a5 42.Nc6 a4 43.Nd4 Kf7 44.Nxb5 Ke7
45.Kf3 Kd7 46.Ke3 Kc6 47.Nbd6 Kd5 48.Nf6+ Kc5 49.Nde4+ Kc6 50.Kd4 a3 51.Nd6 Nd3
52.Nxc4 Nc1 53.Nxa3 Nxa2 54.c4 Nc1 55.Ne4 Nb3+ 56.Kc3 Na5 57.Nb5 Nb7 58.Nd4+ Kb6
59.Kb4 Nd8 60.c5+ Kc7 61.Kb5 Kb7 62.c6+ Kc7 63.Kc5 Nf7 64.Nb5+ Kd8 65.c7+ Kc8
66.Kc6 Nd8+ 67.cxd8=Q+ Kxd8 68.Kd6 Ke8 69.Nc7+ Kf7 70.Ng5+ Kg6 71.Ncxe6 Nxe6
72.Kxe6 h6 73.Ne4  1-0

[Event "38th Olympiad w"]
[Site "Dresden GER"]
[Date "2008.11.16"]
[Round "4"]
[White "Moser,E"]
[Black "Shamima,A"]
[Result "1-0"]
[WhiteElo "2376"]
[BlackElo "2094"]

1.Nf3 d5 2.g3 Nf6 3.Bg2 c6 4.O-O Bf5 5.d3 Nbd7 6.Nbd2 e5 7.Qe1 Bd6 8.e4 dxe4
9.dxe4 Be6 10.Ng5 Bg4 11.Nc4 Be7 12.h3 h6 13.Nxf7 Kxf7 14.hxg4 Nxg4 15.Qe2 Ngf6
16.Rd1 Qc7 17.Qf3 Rad8 18.Qb3 Kf8 19.Be3 b5 20.Nd2 Nc5 21.Bxc5 Bxc5 22.Nf3 Ke7
23.Nh4 Rxd1+ 24.Rxd1 Rd8 25.Ng6+ Ke8 26.Qe6+ Be7 27.Rxd8+ Kxd8 28.Nxe5  1-0

[Event "38th Olympiad w"]
[Site "Dresden GER"]
[Date "2008.11.16"]
[Round "4"]
[White "Heinatz,G"]
[Black "Sedina,E"]
[Result "0-1"]
[WhiteElo "2227"]
[BlackElo "2365"]

1.Nf3 d5 2.g3 c6 3.Bg2 Nf6 4.O-O Bg4 5.c4 e6 6.d3 Nbd7 7.cxd5 exd5 8.Nc3 Bc5
9.Qc2 O-O 10.h3 Bh5 11.Kh2 Re8 12.Bf4 Bb6 13.Rae1 Nc5 14.Nd4 Bg6 15.Nb3 Nxb3
16.axb3 Qe7 17.e4 dxe4 18.dxe4 Nd7 19.Bc1 Rad8 20.f4 f6 21.Na4 Nc5 22.Nxb6 axb6
23.f5 Bf7 24.Rf3 Rd4 25.e5 fxe5 26.h4 e4 27.Rf4 Bxb3 28.Qc3 Qf6 29.Rg4 Rd6
30.Qe3 Nd3 31.Bxe4 Bf7 32.Rd1 Nxc1 33.Rxd6 Qxd6 34.Qxc1 Rd8 35.Kh3 Qd2 36.Qf1 Qxb2
37.Qf4 Qf6 38.Qc7 Re8 39.Bd3 Qd8 40.Qxd8 Rxd8 41.Bb1 Rd1 42.Rb4 b5 43.g4 Bc4
44.g5 Rd2 45.Be4 Rd4 46.Bg2 Rf4 47.Rb1 Rxf5 48.Re1 Bd5 49.Bf1 Kf7 50.Kg4 g6
51.h5 Bf3+  0-1

[Event "38th Olympiad"]
[Site "Dresden GER"]
[Date "2008.11.16"]
[Round "4"]
[White "Khetho,P"]
[Black "Patriarca,L"]
[Result "0-1"]
[WhiteElo "2229"]
[BlackElo "2318"]

1.Nf3 d5 2.g3 Nf6 3.Bg2 c6 4.d3 Bg4 5.Nbd2 e6 6.h3 Bxf3 7.Bxf3 Nbd7 8.e4 Bc5
9.Qe2 Qc7 10.c3 dxe4 11.Nxe4 Nxe4 12.dxe4 Ne5 13.Bg2 O-O-O 14.O-O Nd3 15.b4 Bb6
16.Be3 Bxe3 17.Qxe3 Kb8 18.a4 Rd7 19.Rfd1 Rhd8 20.Bf1 Ne5 21.Rd4 Ng6 22.b5 Rxd4
23.cxd4 cxb5 24.axb5 Qb6 25.Ra4 e5 26.d5 Qxe3 27.fxe3 Ne7 28.Kf2 Nc8 29.h4 Nd6
30.g4 Kc7 31.Kf3 Kb6 32.g5 Rc8 33.h5 Rc1 34.Be2 Rg1 35.h6 Rxg5 36.hxg7 Rxg7
37.Ra1 Rg6 38.Bd3 Rg5 39.Rh1 h5 40.Rh2 f6 41.Ra2 Rg8 42.Rh2 Nxb5 43.Rxh5 Nd6
44.Rh6 Rf8 45.Rh7 Rf7 46.Rh8 a6 47.Rd8 Kc7 48.Ra8 Re7 49.Bxa6 bxa6 50.Ra7+ Kd8
51.Rxa6 Rd7 52.Ra1 Ke7 53.Rh1 Rb7 54.Rh7+ Kf8 55.Rh8+ Kg7 56.Rd8 Nf7 57.Ra8 Rb2
58.Kg4 Nh6+ 59.Kf3 Rd2 60.Ra1 Nf7 61.Kg4 Kg6 62.Ra4 Ng5 63.Kg3 Kh5 64.Rb4 Kg6
65.Ra4 Re2 66.Ra3 Kh5 67.Rb3 Nxe4+ 68.Kf3 Nd2+ 69.Kxe2 Nxb3 70.Kd3 Nc5+ 71.Kc4 Ne4
72.Kb5 f5 73.Kc6 f4  0-1

[Event "38th Olympiad"]
[Site "Dresden GER"]
[Date "2008.11.16"]
[Round "4"]
[White "Markos,J"]
[Black "Lim Yee Weng"]
[Result "1/2-1/2"]
[WhiteElo "2557"]
[BlackElo "2396"]

1.Nf3 d5 2.g3 Nf6 3.Bg2 Bf5 4.c4 c6 5.Qb3 Qb6 6.Nc3 e6 7.d3 Nbd7 8.Be3 Bc5
9.Bxc5 Nxc5 10.Qxb6 axb6 11.Nd4 dxc4 12.Nxf5 exf5 13.dxc4 Na4 14.Nd1 Nc5
15.Nc3 Na4 16.Nd1 Nc5  1/2-1/2

[Event "38th Olympiad"]
[Site "Dresden GER"]
[Date "2008.11.17"]
[Round "5"]
[White "Danielsen,Hen"]
[Black "El Debs,F"]
[Result "0-1"]
[WhiteElo "2492"]
[BlackElo "2447"]

1.g3 d5 2.Nf3 Nf6 3.Bg2 c6 4.d3 Bg4 5.O-O Nbd7 6.h3 Bh5 7.Nbd2 e5 8.e4 dxe4
9.dxe4 Bc5 10.Qe2 O-O 11.Rd1 Qc7 12.a4 a5 13.b3 Rfe8 14.Bb2 Nf8 15.Nc4 N6d7
16.Ne3 Ne6 17.Nf5 Rad8 18.Rd3 f6 19.Rad1 Ndf8 20.Bc3 b6 21.R3d2 Ng5 22.h4 Nge6
23.Bh3 Rxd2 24.Rxd2 Rd8 25.Kg2 Rxd2 26.Qxd2 Qd8 27.Qe2 Bf7 28.Bg4 h5 29.Bh3 Ng6
30.Kh2 Ne7 31.Bg2 Qd7 32.Bh3 Nxf5 33.Bxf5 g6 34.Bh3 Qd6 35.Bf1 Kg7 36.Kg2 Bb4
37.Bb2 Qd7 38.Kg1 Bc5 39.Bc3 Qd6 40.Qd3 Qe7 41.Bh3 Bb4 42.Bxb4 axb4 43.Bxe6 Bxe6
44.Qe3 c5 45.Nd2 Qd6 46.Kg2 Qd8 47.f4 exf4 48.gxf4 Bc8 49.Kf2 Bb7 50.Nf3 Qd1
51.Qd3 Qxd3 52.cxd3 Bc8 53.d4 cxd4 54.Nxd4 g5 55.Kg3 gxh4+ 56.Kxh4 Bg4 57.Kg3 Kf7
58.Kh4 Bd1 59.Kg3 Ke7 60.Kh4 Kd6 61.Kg3 Kc5 62.Ne6+ Kd6 63.Nd4 Bg4 64.Nb5+ Kc5
65.Nc7 Kd4 66.Nd5 f5 67.Nxb4 fxe4 68.Nc6+ Kc3 69.Ne5 e3 70.b4 Kxb4  0-1

[Event "38th Olympiad w"]
[Site "Dresden GER"]
[Date "2008.11.17"]
[Round "5"]
[White "Richtrova,E"]
[Black "Novkovic,J"]
[Result "0-1"]
[WhiteElo "2270"]
[BlackElo "2161"]

1.Nf3 d5 2.g3 c5 3.Bg2 Nc6 4.O-O e5 5.d3 Nf6 6.Nbd2 Bd6 7.e4 dxe4 8.dxe4 O-O
9.c3 Na5 10.Qe2 Qc7 11.b3 Bd7 12.Nh4 g6 13.Rd1 b5 14.Nf1 Bc6 15.f3 Rfd8 16.Bh6 c4
17.b4 Nb7 18.Ne3 Bf8 19.Bxf8 Kxf8 20.a4 a5 21.axb5 Bxb5 22.Nd5 Nxd5 23.exd5 axb4
24.Rxa8 Rxa8 25.cxb4 Qb6+ 26.Kh1 f6 27.Qd2 Kg7 28.f4 exf4 29.Qxf4 Qd6 30.Nf3 Qxf4
31.gxf4 Ra4 32.Nd4 Rxb4 33.Kg1 Nd6 34.Rc1 Kf7 35.Bf3 Bd7 36.Nc6 Rb3 37.Be2 c3
38.Bd1 Ra3 39.Nd4 Bf5 40.Bb3 Nb5 41.Nxb5 Rxb3 42.Nxc3 h5 43.Ne2 Rb7 44.Kf2 Ke7
45.Rc6 Bd7 46.Ra6 Rb2 47.Ke3 Rxe2+ 48.Kd4  0-1

[Event "38th Olympiad"]
[Site "Dresden GER"]
[Date "2008.11.17"]
[Round "5"]
[White "Sunye Neto,J"]
[Black "Steingrimsson,H"]
[Result "0-1"]
[WhiteElo "2488"]
[BlackElo "2540"]

1.Nf3 d5 2.g3 c6 3.Bg2 Bg4 4.b3 Nd7 5.Bb2 Ngf6 6.O-O e6 7.d3 Bd6 8.h3 Bh5
9.Nbd2 O-O 10.Qe1 Re8 11.e4 e5 12.Nh4 Qc7 13.Nf5 Bc5 14.a3 a5 15.Nf3 Rad8
16.b4 Bf8 17.N3h4 b5 18.g4 Bg6 19.Nxg6 hxg6 20.Ng3 dxe4 21.dxe4 axb4 22.axb4 c5
23.bxc5 Nxc5 24.Qa5 Qd7 25.g5 Nh7 26.Bc1 Be7 27.Rb1 Nxg5 28.Bxg5 Bxg5 29.Qxb5 Qe7
30.Rfd1 Bf4 31.Ne2 Ne6 32.Rd3 Qc7 33.Rxd8 Rxd8 34.c3 Qe7 35.Qc4 Rd2 36.Kf1 Kh7
37.Qb3 Qd8 38.Bf3 Ng5 39.Bg2 Qd3 40.Re1 Nxe4  0-1

[Event "9th Open"]
[Site "Liberec CZE"]
[Date "2008.11.18"]
[Round "5"]
[White "Benes,Pe1"]
[Black "Sisak,R"]
[Result "1-0"]
[WhiteElo "2156"]
[BlackElo "2051"]

1.Nf3 d5 2.g3 c6 3.Bg2 Nf6 4.b3 Bf5 5.Bb2 e6 6.d3 h6 7.O-O Be7 8.Nbd2 O-O
9.c4 Nbd7 10.Rc1 Bh7 11.Rc2 a5 12.a3 Bd6 13.Qc1 e5 14.cxd5 cxd5 15.Bh3 e4
16.Ne1 exd3 17.Nxd3 Re8 18.Nf3 Rxe2 19.Rxe2 Bxd3 20.Rfe1 Bxe2 21.Rxe2 Nc5
22.Qd1 Nce4 23.Nd4 Ng5 24.Bf5 g6 25.h4 Nge4 26.Bh3 Bc5 27.Kg2 Bf8 28.Qd3 Nh5
29.Qe3 f5 30.Ne6 d4 31.Qd3 Qd6 32.Nxf8 Rxf8 33.Rc2 Kh7 34.Rc4 Nc5 35.Qd1 Qd5+
36.Kg1 d3 37.Bg2 Ne4 38.Rd4 Qc5 39.Qxd3 Nhf6 40.Bxe4 fxe4 41.Rxe4 Rf7 42.Bxf6 Rxf6
43.Qd7+ Kg8 44.Re8+ Rf8 45.Qe6+ Kg7 46.Qe7+ Qxe7 47.Rxe7+ Kg8 48.Rxb7 Rf3
49.Kg2 Rc3  1-0

[Event "9th Open"]
[Site "Liberec CZE"]
[Date "2008.11.18"]
[Round "5"]
[White "Jiruse,J"]
[Black "Kaderabek,J"]
[Result "1/2-1/2"]
[WhiteElo "2107"]
[BlackElo "2201"]

1.Nf3 d5 2.g3 Nf6 3.Bg2 c6 4.O-O Bf5 5.d3 Nbd7 6.Nbd2 e5 7.Nh4 Bg4 8.h3 Bh5
9.Qe1 Qc7 10.e4 Be7 11.Nf5 Bf8 12.Nf3 dxe4 13.dxe4 Bg6 14.N3h4 Bxf5 15.Nxf5 h5
16.Qe2 Nc5 17.Rd1 g6 18.Bg5 Nh7 19.Bh4 gxf5 20.exf5 Be7 21.Qxh5 Bxh4  1/2-1/2

[Event "38th Olympiad"]
[Site "Dresden GER"]
[Date "2008.11.19"]
[Round "6"]
[White "Sunye Neto,J"]
[Black "Ibarra Chami,L"]
[Result "1-0"]
[WhiteElo "2488"]
[BlackElo "2389"]

1.Nf3 d5 2.g3 e6 3.Bg2 Nf6 4.O-O Be7 5.b3 O-O 6.Bb2 b6 7.c4 Bb7 8.e3 c5 9.Qe2 Nc6
10.Rd1 d4 11.exd4 cxd4 12.Ne5 Rc8 13.d3 Ba8 14.Nxc6 Bxc6 15.Nd2 a5 16.Bxc6 Rxc6
17.Nf3 Bc5 18.a3 Re8 19.b4 axb4 20.axb4 Bxb4 21.Nxd4 Rd6 22.Nb5 Rd7 23.Be5 Qe7
24.Rab1 Ba5 25.Nd4 Bc3 26.Nc6 Qc5 27.Ne7+ Rdxe7 28.Bxc3 Qc6 29.Bxf6 gxf6
30.Rb5 Rd7 31.Qe3 Red8 32.Rxb6 Qa4 33.Rbb1 e5 34.Qf3 Qa6 35.Rbc1 Qe6 36.c5 Rd4
37.c6 Rc8 38.Rc3 Kf8 39.c7 Rd6 40.Rdc1 Ke7 41.Qe4 h5 42.Rc6 Kd7 43.Rxd6+ Qxd6
44.Qa4+ Ke7 45.Qc4 Qd7 46.h4 Kf8 47.Qc6 Qf5 48.Qd6+ Kg7 49.Qd5 Qh3 50.d4 Qf5
51.dxe5 fxe5 52.Qd6 Qf6 53.Qd7 Qa6 54.Qf5  1-0

[Event "38th Olympiad"]
[Site "Dresden GER"]
[Date "2008.11.19"]
[Round "6"]
[White "Berkes,F"]
[Black "Uribe,M"]
[Result "1-0"]
[WhiteElo "2645"]
[BlackElo "2414"]

1.Nf3 d5 2.g3 Nf6 3.Bg2 Bg4 4.c4 c6 5.Ne5 Be6 6.cxd5 Bxd5 7.Nf3 e6 8.Nc3 Be7
9.d3 Bxf3 10.Bxf3 Nbd7 11.Bg2 h5 12.h3 h4 13.g4 Nd5 14.O-O g5 15.Nxd5 exd5
16.f4 Qb6+ 17.Kh1 f6 18.Rb1 O-O-O 19.b4 gxf4 20.Bxf4 Ne5 21.d4 Nc4 22.Qd3 Bd6
23.e4 Kb8 24.a4 Rhe8 25.Bxd6+ Rxd6 26.b5 c5 27.exd5 Ne3 28.a5 Qc7 29.Rbe1 c4
30.Qc3 Nxf1 31.Rxe8+ Rd8 32.Rxd8+ Qxd8 33.Bxf1 Qxd5+ 34.Kg1  1-0

[Event "38th Olympiad w"]
[Site "Dresden GER"]
[Date "2008.11.19"]
[Round "6"]
[White "Moser,E"]
[Black "Kosteniuk,A"]
[Result "1/2-1/2"]
[WhiteElo "2376"]
[BlackElo "2525"]

1.Nf3 d5 2.g3 Bg4 3.Bg2 c6 4.O-O Nd7 5.d3 e6 6.Nbd2 Bd6 7.e4 Ne7 8.d4 O-O
9.Re1 Bh5 10.c4 Bb4 11.Qb3 Qa5 12.Rd1 b5 13.cxd5 cxd5 14.a3 Bd6 15.e5 Bc7
16.Nf1 Nc6 17.Bd2 Qb6 18.Be3 Rfc8 19.N1d2 Bd8 20.Rdc1 Be7 21.Qd3 Bg6 22.Qe2 b4
23.a4 Na5 24.Qb5 Qd8 25.Bf1 Bc2 26.Ne1 a6 27.Qe2 Bg6 28.Qd1 Nb6 29.Rxc8 Nxc8
30.Rc1 Qb6 31.b3 Na7 32.Nd3 N7c6 33.Nc5 Nb7 34.Nxb7 Qxb7 35.Nf3 Na5 36.Nd2 Nc6
37.Nf3 Qb6 38.Bd3 Na5 39.Bxg6 hxg6 40.Qc2 Qb7 41.Bg5 Bf8 42.Nd2 Be7 43.h4 Kf8
44.Bxe7+ Qxe7 45.Qc7 Qxc7 46.Rxc7 Ke8 47.Kf1 Rd8 48.Ke2 Rd7 49.Rc8+ Rd8 50.Rc7 Rd7
51.Rc5 Nb7 52.Rc6 a5 53.Nf3 Ke7 54.Ne1 Kd8 55.f4 Rc7 56.Rxc7 Kxc7 57.Kd3 Nd8
58.Ng2 Kd7 59.Ke3 Nc6 60.Ne1 Ne7 61.g4 Nc6 62.Nd3 Ke7 63.Nc5 Nd8 64.Kd3 Ke8
65.Ke3 Ke7 66.Nd3 Nc6 67.Nf2 Kd7 68.Nh1 Ke7 69.Ng3 f6 70.Ne2 Kf7 71.Ng3 Ke7
72.exf6+ gxf6 73.h5 gxh5 74.Nxh5 Kf7 75.g5 fxg5 76.fxg5 Kg6 77.Nf4+ Kf5 78.g6 e5
79.Nxd5 exd4+ 80.Kd3 Kxg6 81.Ke4 Kf7 82.Nf4 Ke7 83.Kd5 Kd7 84.Nd3 Kc7 85.Kc5 Kd7
86.Kd5 Kc7 87.Ke4  1/2-1/2

[Event "38th Olympiad w"]
[Site "Dresden GER"]
[Date "2008.11.19"]
[Round "6"]
[White "Franciskovic,B"]
[Black "Endress,A"]
[Result "1-0"]
[WhiteElo "2275"]
[BlackElo "2067"]

1.g3 d5 2.Nf3 Nf6 3.Bg2 e6 4.O-O Be7 5.d4 O-O 6.c4 dxc4 7.Qc2 a6 8.Qxc4 b5
9.Qc2 Bb7 10.Bg5 Nbd7 11.Bxf6 Bxf6 12.Ng5 Bxg5 13.Bxb7 Ra7 14.Bc6 Nb8 15.e3 Nxc6
16.Qxc6 Qe7 17.Rc1 Bf6 18.Nc3 Rd8 19.Ne4 Rd5 20.a4 b4 21.a5 g6 22.Nxf6+ Qxf6
23.Qe8+ Kg7 24.Qb8  1-0

[Event "38th Olympiad w"]
[Site "Dresden GER"]
[Date "2008.11.19"]
[Round "6"]
[White "Parveen,S"]
[Black "Limontaite,S"]
[Result "1/2-1/2"]
[WhiteElo "2079"]
[BlackElo "2197"]

1.Nf3 d5 2.g3 Nf6 3.Bg2 Bg4 4.d4 e6 5.O-O Bd6 6.c4 O-O 7.b3 c6 8.Bb2 Nbd7
9.Ne5 Bf5 10.Nd2 Re8 11.h3 Rc8 12.e3 Bc7 13.Qe2 Nxe5 14.dxe5 Nd7 15.g4 Bg6
16.f4 h6 17.e4 dxe4 18.Nxe4 Bxe4 19.Bxe4 Qh4 20.Kg2 Rcd8 21.Bc2 Nf8 22.Rad1 Rxd1
23.Rxd1 Rd8 24.Rxd8 Qxd8 25.Qd3 Qxd3 26.Bxd3 Nd7 27.Kf3 g5 28.b4 gxf4 29.Ke4 Kg7
30.Be2 Kg6 31.h4 f6 32.exf6 e5 33.f7 Nf6+ 34.Kf3 e4+ 35.Kf2 Nd7 36.Bd1 Kxf7
37.Bc2 e3+ 38.Kf3 Be5 39.Bc1 Nb6 40.Bd3 Nc8 41.Ke4 Bc7 42.Bb2 Ne7 43.h5 b6
44.Be2 Nc8 45.Be5 Bd6 46.Bxd6 Nxd6+ 47.Kxf4 Kf6 48.Kxe3 Ke5 49.Bd3 Nf7 50.Be4 Nd6
51.Bd3 Nf7 52.Be4 Nd6 53.Bf3 Nxc4+ 54.Kd3 Nd6 55.Bxc6 Nf7 56.Ke3 Nd6 57.a4 Nf7
58.a5 Nd6 59.axb6 axb6 60.Bf3 Nf7 61.Be2 Nd6 62.Bd3 Nf7 63.Be4 Nd6 64.Bc6 Nf7  1/2-1/2

[Event "38th Olympiad w"]
[Site "Dresden GER"]
[Date "2008.11.19"]
[Round "6"]
[White "Rautanen,S"]
[Black "Dengler,D"]
[Result "1/2-1/2"]
[WhiteElo "1981"]
[BlackElo "2099"]

1.Nf3 d5 2.g3 c6 3.Bg2 Bg4 4.O-O Nd7 5.d3 e5 6.Qe1 Ngf6 7.e4 dxe4 8.dxe4 h6
9.Nbd2 Bc5 10.Nc4 Qe7 11.Be3 O-O 12.Nh4 Be6 13.Nf5 Bxf5 14.exf5 Bxe3 15.Nxe3 Rfe8
16.Qe2 Rad8 17.Rad1 Qb4 18.Nc4 Nb6 19.Rxd8 Rxd8 20.Nxb6 Qxb6 21.Qxe5 Re8
22.Qc3 Qb5 23.Qd4 a5 24.c4 Qxf5 25.Qb6 Re2 26.Qxb7 Ng4 27.Qb8+ Kh7 28.Qf4 Qxf4
29.gxf4 Rxb2 30.h3 Nf6 31.Bxc6 Rxa2 32.Re1 a4 33.Re5 a3 34.Ra5 Rc2 35.Bd5 a2
36.Kg2 Nxd5 37.cxd5 Rc5 38.Rxa2 Rxd5 39.Kg3 h5 40.Ra7 f6 41.h4 Rd3+ 42.f3 Rd1
43.Rb7 Kh6 44.Rb5 Rg1+ 45.Kf2 Rh1  1/2-1/2

[Event "38th Olympiad w"]
[Site "Dresden GER"]
[Date "2008.11.20"]
[Round "7"]
[White "Mendoza Velazquez,L"]
[Black "Fridthjofsdottir,S"]
[Result "1-0"]
[WhiteElo "2015"]
[BlackElo "1806"]

1.Nf3 d5 2.g3 c6 3.Bg2 Nf6 4.O-O Bg4 5.c4 e6 6.d3 Be7 7.Be3 Bxf3 8.Bxf3 d4
9.Bd2 O-O 10.b4 Nbd7 11.a4 Ne5 12.Bg2 Qd7 13.Na3 Rfd8 14.b5 Bc5 15.Nc2 a5
16.Qe1 cxb5 17.axb5 Ra7 18.Rxa5 Rxa5 19.Bxa5 b6 20.Bb4 Qc7 21.Qa1 Ng6 22.Qa6 h5
23.Bxc5 Qxc5 24.Qb7 Rd6 25.Ra1 h4 26.Ra8+ Nf8 27.Rc8 Qe5 28.Qe7 Nh7 29.Be4 g6
30.f4 Qh5 31.Bf3 Qh6 32.Qxd6 hxg3 33.hxg3 Qh3 34.Kf2  1-0

[Event "38th Olympiad w"]
[Site "Dresden GER"]
[Date "2008.11.20"]
[Round "7"]
[White "Vojinovic,J"]
[Black "Shamima,A"]
[Result "1-0"]
[WhiteElo "2332"]
[BlackElo "2094"]

1.Nf3 d5 2.g3 c6 3.Bg2 Bg4 4.O-O Nd7 5.d3 e6 6.Qe1 Bd6 7.e4 Ne7 8.Nbd2 O-O
9.b3 Re8 10.h3 Bh5 11.Bb2 Qb6 12.e5 Bc7 13.Kh1 a5 14.g4 Bg6 15.Nh4 a4 16.f4 a3
17.Bc1 Qc5 18.Qd1 h6 19.Nxg6 Nxg6 20.Nf3 Qe7 21.d4 Nh4 22.Nxh4 Qxh4 23.c4 Qe7
24.Qd3 Red8 25.c5 b5 26.b4 Ra4 27.Rb1 Nf8 28.Bf3 Qh4 29.Bd1 Ra7 30.Bc2 Rda8
31.Rb3 Bd8 32.Bd2 Qe7 33.Qg3 Qh4 34.Qg2 Qe7 35.f5 Qd7 36.f6 Ng6 37.Qf2 Qe8
38.Rf3 Kh7 39.h4 gxf6 40.exf6 e5 41.Qe3 Qf8 42.dxe5 Kg8 43.h5 Nh8 44.Qd3  1-0

[Event "38th Olympiad"]
[Site "Dresden GER"]
[Date "2008.11.20"]
[Round "7"]
[White "Peralta,E"]
[Black "Pitirotjirathon,J"]
[Result "1/2-1/2"]
[WhiteElo "2257"]
[BlackElo "2293"]

1.Nf3 d5 2.g3 Nf6 3.Bg2 c6 4.O-O Bg4 5.d4 Nbd7 6.Nbd2 e6 7.c4 Bd6 8.b3 Qe7
9.Bb2 Ba3 10.Qc1 Bxb2 11.Qxb2 O-O 12.Rfe1 Rfd8 13.e4 dxe4 14.Ng5 h6 15.Ngxe4 Nxe4
16.Nxe4 Nf6 17.Nc5 Rac8 18.b4 b6 19.Nd3 Nd7 20.c5 Bf5 21.Nf4 Nf6 22.Rac1 g5
23.Ne2 Be4 24.f3 Bg6 25.Rcd1 a5 26.bxa5 bxc5 27.Qa3 Nd5 28.dxc5 Qc7 29.Nc1 Rb8
30.a6 Qa7 31.Bf1 Rb1 32.Nb3 Rxd1 33.Rxd1 Bc2 34.Rd2 Bxb3 35.axb3 Rb8 36.Bc4 Nb4
37.Qa5 Nd5 38.Bxd5 exd5 39.b4 Ra8 40.Re2 d4 41.Qb6 d3 42.Qxa7 Rxa7 43.Ra2 d2
44.Rxd2 Rxa6 45.g4 Kg7 46.Kf2 Ra4 47.Rd4 Ra2+ 48.Kg3 Ra3 49.Rd6 Rb3 50.Rxc6 Rxb4
51.h4 Rb2 52.h5 Rc2 53.Rc8 Kh7 54.c6 Kg7 55.Kh3 Kh7 56.Kg3 Kg7 57.Rc7 Kf6
58.Rc8 Kg7 59.Kh3 Kh7 60.Kg3 Kg7  1/2-1/2

[Event "38th Olympiad w"]
[Site "Dresden GER"]
[Date "2008.11.20"]
[Round "7"]
[White "Gomes,Mary"]
[Black "Raeva,E"]
[Result "1-0"]
[WhiteElo "2298"]
[BlackElo "2251"]

1.Nf3 d5 2.g3 Nf6 3.Bg2 Bf5 4.O-O e6 5.d3 Be7 6.b3 O-O 7.Bb2 h6 8.Nbd2 c5
9.Qe1 Nc6 10.e4 Bh7 11.Ne5 Nd4 12.Rc1 Qc7 13.f4 Rad8 14.c3 Nc6 15.Nxc6 bxc6
16.Qe2 a5 17.Rce1 a4 18.exd5 cxd5 19.f5 c4 20.d4 Rde8 21.bxc4 exf5 22.Qd1 a3
23.Bc1 dxc4 24.Qa4 Bd6 25.Nxc4 Rxe1 26.Rxe1 Bxg3 27.hxg3 Qxg3 28.Re3 Qh4
29.Qxa3 f4 30.Rf3 g5 31.Qb2 Be4 32.Rh3 Qe1+ 33.Bf1 g4 34.Bd2 Qd1 35.Rxh6 g3
36.Bxf4 Qf3 37.Rh4 Ng4 38.Be3 Nxe3 39.Qe2 Nf5 40.Rxe4 Qxc3 41.Qg4+ Ng7 42.Re3 f5
43.Qxg7+  1-0

[Event "9th Open"]
[Site "Liberec CZE"]
[Date "2008.11.20"]
[Round "7"]
[White "Kopp,L"]
[Black "Brazda,A"]
[Result "0-1"]
[WhiteElo "1453"]
[BlackElo "1897"]

1.Nf3 d5 2.g3 c5 3.Bg2 Nf6 4.c4 e6 5.e3 Nc6 6.Nc3 Be7 7.O-O O-O 8.b3 h6 9.Bb2 dxc4
10.Re1 cxb3 11.axb3 Bd7 12.Qc2 Nb4 13.Qd1 Nd3 14.Ba3 Nxe1 15.Qxe1 Bc6 16.e4 Qc7
17.Qe2 a6 18.Rc1 Rfd8 19.Qe3 b6 20.Bb2 a5 21.Ne2 a4 22.bxa4 Rxa4 23.Nc3 Ra7
24.d4 Qb7 25.e5 Nd5 26.Nxd5 Bxd5 27.Ne1 Ra2 28.Nd3 Bxg2 29.Rc2 Bh3 30.Nf4 Bf5
31.Rd2 cxd4  0-1

[Event "9th Open"]
[Site "Liberec CZE"]
[Date "2008.11.20"]
[Round "7"]
[White "Jiruse,J"]
[Black "Snorek,M"]
[Result "0-1"]
[WhiteElo "2107"]
[BlackElo "2157"]

1.Nf3 d5 2.g3 c5 3.Bg2 g6 4.O-O Bg7 5.d3 Nf6 6.Nbd2 O-O 7.e4 Nc6 8.Re1 e5
9.c3 h6 10.exd5 Nxd5 11.Nc4 Re8 12.a4 Qc7 13.Nfxe5 Nxe5 14.Bxd5 Bg4 15.Qd2 Nf3+
16.Bxf3 Bxf3 17.Re3 Qc6 18.Qe1 Qd7 19.Qf1 Bc6 20.a5 Qd5 21.f3 Rad8 22.Rxe8+ Bxe8
23.Be3 Bb5 24.Re1 Bf8 25.Bc1 Qxd3 26.Qxd3 Rxd3 27.Ne5 Rd8 28.f4 Kg7 29.Kf2 f6
30.Nf3 Bc6 31.Be3 a6 32.Nd2 Bd5 33.Rd1 Bb3 34.Ra1 Be6 35.Ra4 f5 36.Ke1 Bd7
37.Ra1 Bb5 38.Nb3 Bc4 39.Nd2 Bd3 40.Nb3 Bc4 41.Nd2 Bd5 42.Ra4 Kf7 43.Nc4 Kf6
44.Nd2 g5 45.Kf2 g4 46.Ra1 Be7 47.Rd1 Bb3 48.Rh1 Bd5 49.Rd1 Bc6 50.Ke1 Rd3
51.Nf1 Bb5 52.Rxd3 Bxd3 53.Nd2 Ke6 54.c4 Kd6 55.Kd1 Kc6 56.Kc1 h5 57.Bf2 Bd8
58.b3 Bxa5 59.Be1 Bc7 60.Kb2 h4 61.Kc3 Be2 62.Bf2 h3 63.Nb1 Ba5+ 64.Kc2 b5
65.cxb5+ axb5 66.Nc3 Bf3 67.Kd3 Bd8 68.Be3 Bf6 69.Bf2 Bg2 70.Be3 Bf1+ 71.Ne2 c4+
72.bxc4 bxc4+ 73.Kd2 Bxe2 74.Kxe2 Kd5 75.Bb6 Ke4 76.Bc5 Bd4 77.Ba3 Bg1 78.Bb4 Bxh2
79.Kf2 Kd3  0-1